Score 0/16 Timer 01:30
6 Plays Today
Question Answer Wrong Answers
Surname
Squarepants
Spongebob
95%
Patrick
0.9%
Species
Sea Sponge
Spongebob
94.7%
Patrick
1.4%
Home
Pineapple
Spongebob
93.7%
Patrick
2.5%
Current Occupation
Krusty Krab frycook
Spongebob
93.6%
Patrick
2.6%
Surname
Star
Patrick
93.5%
Spongebob
2.7%
Species
Starfish
Patrick
93%
Spongebob
3.4%
Home
Rock
Patrick
92.5%
Spongebob
3.9%
Current Occupation
Unemployed
Patrick
92.3%
Spongebob
3.6%
Relation to Gary
Owner
Spongebob
91.6%
Patrick
4.4%
Famous Quote
'Is mayonnaise an instrument?'
Patrick
89.1%
Spongebob
7%
Famous Quote
'I'm ready!'
Spongebob
86.8%
Patrick
9.4%
Portrayer
Tom Kenny
Spongebob
76.9%
Patrick
19.4%
Portrayer
Bill Fagerbakke
Patrick
75.4%
Spongebob
20.6%
Parents
Herb and Margie
Patrick
70.7%
Spongebob
25.6%
Parents
Harold and Margaret
Spongebob
68.9%
Patrick
27.4%
Relation to Gary
First Cousins
Patrick
68%
Spongebob
28.6%
Remove Ads.
Support Sporcle.
Get the best of Sporcle when you Go Orange. This ad-free experience offers more features, more stats, and more fun while also helping to support Sporcle. Thank you for becoming a member.

You're not logged in!

Compare scores with friends on all Sporcle quizzes.
OR
Log In

Sporcle TV

Today on Sporcle TV


Watch our educational content, quiz creation guides, and fun videos on Sporcle TV.

Show Comments

Extras

Top Quizzes Today


Score Distribution

Paid Content

Your Account Isn't Verified!

In order to create a playlist on Sporcle, you need to verify the email address you used during registration. Go to your Sporcle Settings to finish the process.

Report this User

Report this user for behavior that violates our Community Guidelines.

Details: